=LDR 00000nam 2200000 4500 =001 NUTBA000000000000922 =005 20150311105411.0 =006 =007 =008 =020 ##$$a 978-979-27-8085-7 =035 ##$$0010-041400000000192 =040 ##$$a Ind =082 ##$$a 618.14 =090 ##$$a 618.14$bNur c =100 ##$$a Nurwijaya, Hartati =245 ##$$a Cegah dan deteksi kander serviks$cHartati nurwijaya =260 ##$$a Jakarta$bEkexmedia komputindo$c[Sa]. =300 ##$$a 165 HLm$bIlus$c20 cm. =850 ##$$a NBPNMAT =990 ##$$a 21104156 =990 ##$$a 92828/BPAP-NTB/2014